00390pab a2200145 454500008004000000100001700040245009100057260000900148300001200157362001200169650001700181650001500198650001100213773002000224180718b2001 xxu||||| |||| 00| 0 eng d aAkshey Kumar aObligations of the police/security forces leadership in the protection of human rights c2001 ap.28-31 aJul-Sep aHuman rights aLeadership aPolice aIndia Quarterly